| 000 | 01100cam a2200313 i 4500 | ||
|---|---|---|---|
| 001 | 1790674 | ||
| 005 | 20160208185956.0 | ||
| 008 | 780117s1978 moua b 001 0 eng | ||
| 010 | _a 78000609 | ||
| 020 | _a0801609461 | ||
| 040 |
_aDLC _cLCC _dLCC |
||
| 050 | 0 | 0 |
_aRC350.5 _b.C36 1978 |
| 082 | 0 | 0 | _a610.73/68 |
| 100 | 1 | _aCarini, Esta. | |
| 240 | 1 | 0 | _aNeurological and neurosurgical nursing |
| 245 | 1 | 0 |
_aCarini and Owens' Neurological and neurosurgical nursing / _cBarbara Lang Conway. |
| 250 | _a7th ed. | ||
| 260 |
_aSt. Louis : _bC. V. Mosby Co., _c1978. |
||
| 300 |
_axv, 640 p. : _bill. ; _c27 cm. |
||
| 500 | _aFirst-4th editions written by C. G. De GutiƩrrez-Mahoney. | ||
| 504 | _aIncludes bibliographies and index. | ||
| 650 | 0 | _aNeurological nursing. | |
| 700 | 1 |
_aOwens, Guy, _d1926- |
|
| 700 | 1 |
_aRutkowski, Barbara Lang, _d1945- |
|
| 700 | 2 |
_aDe GutiƩrrez-Mahoney, Carlos Guillermo, _d1904- _tNeurological and neurosurgical nursing. |
|
| 740 | 0 | _aNeurological and neurosurgical nursing. | |
| 906 |
_a7 _bcbc _corignew _d1 _eocip _f19 _gy-gencatlg |
||
| 942 |
_2lcc _cBOOKS |
||
| 999 |
_c10597 _d10597 |
||